Errate den Song am Songtext #5 - Statistiken

Allgemein
  • Dieses Quiz wurde 282 mal gespielt
  • Das Durchschnittsergebnis liegt bei 54 aus 180
Antwortstatistiken
Antwort % Korrekt
I
100%
The
80%
the
80%
we
72%
me
68%
when
63%
and
62%
to
62%
are
60%
my
55%
who
50%
in
48%
can
47%
so
44%
what
35%
Like
31%
has
28%
But
27%
come
26%
As
25%
never
25%
gone
22%
did
20%
Here
20%
up
20%
from
19%
out
16%
Wake
16%
last
15%
lost
15%
rain
15%
again
14%
ends
13%
September
13%
Summer
13%
comes
12%
Falling
10%
fast
8%
memory
8%
pain
8%
spring
8%
stars
8%
pass
7%
years
7%
passed
6%
Seven
6%
Becoming
5%
began
5%
bells
5%
fathers
5%
forgets
5%
innocent
5%
rests
5%
Ring
5%
Drenched
4%
20
3%
Keine übereinstimmenden Quizze gefunden
Verteilung der Resultate
Anzahl Personen mit jedem Resultat
Perzentil nach korrekt beantworteten Fragen
Ihre Resultats-Entwicklung
Sie haben dieses Quiz noch nicht gespielt